[Event "AZE-ch Women 2020"]
[Site "Baku"]
[Date "2020.03.09"]
[Round "5.5"]
[White "Abdulla, Khayala"]
[Black "Allahverdiyeva, Ayan"]
[Result "0-1"]
[WhiteElo "2276"]
[BlackElo "2053"]
[Annotator "ChessBase"]
[PlyCount "90"]
[EventDate "2020.03.04"]
[EventType "swiss"]
[EventCountry "AZE"]
[SourceTitle "playchess.com"]
[Source "ChessBase"]
[SourceQuality "1"]
[TimeControl "40/5400+30:1800+30"]

1. e4 e6 {[%emt 0:07:39]} 2. d4 {[%emt 0:00:00]} d5 {[%emt 0:04:15]} 3. Nd2 {[%emt 0:00:00]} Nf6 {[%emt 0:00:36]} 4. e5 {[%emt 0:00:00]} Nfd7 {[%emt 0:00:04]} 5. Bd3 {[%emt 0:00:06]} c5 {[%emt 0:00:05]} 6. c3 {[%emt 0:00:05]} b6 {[%emt 0:01:34]} 7. Ne2 {[%emt 0:03:38]} Ba6 {[%emt 0:00:36]} 8. Bc2 {[%emt 0:01:33]} Nc6 {[%emt 0:05:12]} 9. Nf3 {[%emt 0:01:09]} cxd4 {[%emt 0:06:57]} 10. cxd4 {[%emt 0:00:27]} Nb4 {[%emt 0:04:03]} 11. Bb1 {[%emt 0:03:31]} Rc8 {[%emt 0:06:28]} 12. a3 {[%emt 0:03:07]} Nc6 {[%emt 0:09:35]} 13. O-O {[%emt 0:01:06]} Be7 {[%emt 0:06:58]} 14. Re1 {[%emt 0:01:32]} O-O {[%emt 0:01:33]} 15. Nf4 {[%emt 0:02:38]} Na5 {[%emt 0:04:55]} 16. b3 {[%emt 0:08:47]} Re8 {[%emt 0:02:50]} 17. Bd2 {[%emt 0:07:50]} Nf8 {[%emt 0:00:12]} 18. Bb4 {[%emt 0:05:04]} Nc6 {[%emt 0:02:39]} 19. Qd2 {[%emt 0:01:33]} Rc7 {[%emt 0:08:34]} 20. Bxe7 {[%emt 0:05:37]} Qxe7 {[%emt 0:00:06]} 21. Nh5 {[%emt 0:01:58]} Ng6 {[%emt 0:04:56]} 22. b4 {[%emt 0:05:57]} Rec8 {[%emt 0:03:01]} 23. g3 {[%emt 0:06:42]} Nd8 {[%emt 0:02:24]} 24. Ng5 {[%emt 0:01:06]} Rc3 {[%emt 0:04:41]} 25. Kg2 {[%emt 0:11:31]} Bb5 {[%emt 0:07:25]} 26. f4 {[%emt 0:01:52]} Ba4 {[%emt 0:03:24]} 27. Ra2 {[%emt 0:00:56]} a5 {[%emt 0:01:28]} 28. Rb2 {[%emt 0:12:46]} h6 {[%emt 0:01:15]} 29. Nf3 {[%emt 0:02:41]} Bb3 {[%emt 0:00:29]} 30. f5 {[%emt 0:04:00]} exf5 {[%emt 0:00:10]} 31. Bxf5 {[%emt 0:00:10]} Ne6 {[%emt 0:00:09]} 32. Re3 {[%emt 0:02:43]} Rxe3 {[%emt 0:01:03]} 33. Qxe3 {[%emt 0:00:01]} Bd1 {[%emt 0:00:22]} 34. bxa5 {[%emt 0:02:04]} bxa5 {[%emt 0:00:05]} 35. Rb6 {[%emt 0:02:51]} Bc2 {[%emt 0:01:13]} 36. g4 {[%emt 0:02:25]} Nh4+ {[%emt 0:00:33]} 37. Nxh4 {[%emt 0:00:18]} Qxh4 {[%emt 0:00:04]} 38. Qg3 {[%emt 0:00:41]} Qg5 {[%emt 0:00:17]} 39. Bxe6 {[%emt 0:00:23]} fxe6 {[%emt 0:01:04]} 40. Rb7 {[%emt 0:00:00]} Qd2+ {[%emt 0:00:00]} 41. Kg1 {[%emt 0:09:33]} Be4 {[%emt 0:02:23]} 42. Rxg7+ {[%emt 0:05:46]} Kh8 {[%emt 0:00:12]} 43. Rf7 {[%emt 0:00:41]} Qxd4+ {[%emt 0:01:35]} 44. Kf1 {[%emt 0:00:37]} Qd1+ {[%emt 0:01:41]} 45. Qe1 {[%emt 0:02:23]} Bd3+ {[%emt 0:00:04]} 0-1

[Event "AZE-ch Women 2020"]
[Site "Baku"]
[Date "2020.03.10"]
[Round "6.1"]
[White "Balajayeva, Khanim"]
[Black "Mamedjarova, Zeinab"]
[Result "1-0"]
[WhiteElo "2358"]
[BlackElo "2278"]
[Annotator "TA"]
[PlyCount "89"]
[EventDate "2020.03.04"]
[EventType "swiss"]
[EventCountry "AZE"]
[SourceTitle "playchess.com"]
[Source "ChessBase"]
[SourceQuality "1"]

{[%evp 9,89,0,27,26,26,35,39,26,40,34,28,29,31,8,19,0,12,-12,0,-4,0,0,0,0,0,-2,16,16,35,0,-36,-47,67,63,110,40,61,27,18,4,33,50,93,102,114,106,91,99,371,380,879,237,231,251,249,231,786,735,1952,1562,1355,1147,12437,6339,29970,29966,29966,29967,29967,29966,5433,2969,29990,29991,29995,29996,29996,29997,29997,29998,29998,29995]} 1. e4 e5 2. Nf3 Nc6 3. Bb5 g6 4. d4 exd4 5. c3 Bg7 6. cxd4 {C60: Ruy Lopez: Unusual Black 3rd moves and 3...g6.} a6 7. Ba4 b5 8. Bb3 {White is slightly better.} Na5 9. Bc2 (9. O-O {seems wilder.} Ne7 10. Bc2 O-O 11. Re1 d6 12. Nbd2) 9... d6 10. O-O Ne7 11. Nc3 O-O 12. Bg5 h6 13. Bh4 g5 14. Bg3 f5 15. exf5 Bxf5 16. Rc1 Qd7 17. Re1 {[#]} Rf7 $146 ({Predecessor:} 17... Rae8 18. Ne4 Nd5 19. Nc3 Ne7 20. h4 g4 21. Nh2 Bxc2 22. Qxc2 Nf5 23. Nxg4 Nxg3 {0-1 (42) Yatzenko,A (2377)-Shurakov,D (2222) Kazan 2012}) 18. Bxf5 Qxf5 19. d5 (19. Ne4 $14 Qd7 20. Nfxg5 hxg5 21. Nxg5) 19... Nc4 $1 $15 {[%cal Rc4b2]} 20. Nd4 Qf6 (20... Bxd4 $1 $15 21. Qxd4 Nxb2) 21. Ne6 $14 {Black must now prevent b3.} Nf5 (21... Nxb2 $6 22. Qe2 $16) 22. Qe2 ({Better is} 22. Ne4 $16 Qxb2 23. Qh5) 22... Nxg3 23. fxg3 Re8 24. a4 (24. Rf1 {looks sharper.} Qg6 25. Rxf7 Qxf7 26. Ne4 Qf5 27. Qd3) 24... Qg6 (24... Qd4+ {with more complications.} 25. Kh1 Qd2 26. Qxd2 Nxd2 27. axb5 Bxc3 28. Rxc3 axb5 29. h4 Nc4) 25. axb5 axb5 26. Nxb5 Nxb2 {Black wants to play ...Nd3.} 27. Rxc7 ({Of course not} 27. Nbxc7 $6 Bd4+ 28. Kh1 Nd3 $11) 27... Rxc7 28. Nbxc7 Bd4+ $2 {[%mdl 8192] This move loses the game for Black.} (28... Re7 $16) 29. Kh1 $18 Nd3 $2 (29... Re7 30. Qa6 Bg7) 30. Rf1 $2 (30. Nxe8 Nxe1 31. Nxd4) 30... Nf2+ 31. Rxf2 Bxf2 32. Qxf2 Rb8 $2 (32... Qb1+ 33. Qg1 Rb8) 33. h3 g4 34. h4 Qf7 35. Qd4 h5 36. Kh2 Rb7 37. Qc3 Rb1 {[#]} 38. Ne8 $1 {[%mdl 512]} Qa7 (38... Qxe8 39. Qg7#) 39. Nf6+ {[%mdl 64] Double Attack} Kf7 40. Ng5+ Ke7 41. Ng8+ {White mates.} Kd8 42. Ne6+ Ke8 43. Qc8+ Kf7 44. Qf8+ {[%mdl 64] [#] Double Attack} Kg6 45. Ne7+ {Accuracy: White = 82%, Black = 48%.} 1-0

[Event "AZE-ch Women 2020"]
[Site "Baku"]
[Date "2020.03.10"]
[Round "6.2"]
[White "Rzali, Sabina"]
[Black "Mamedjarova, Turkan"]
[Result "0-1"]
[WhiteElo "1921"]
[BlackElo "2310"]
[Annotator "ChessBase"]
[PlyCount "132"]
[EventDate "2020.03.04"]
[EventType "swiss"]
[EventCountry "AZE"]
[SourceTitle "playchess.com"]
[Source "ChessBase"]
[SourceQuality "1"]
[TimeControl "40/5400+30:1800+30"]

1. e4 {[%emt 0:00:00]} e5 {[%emt 0:00:00]} 2. Nf3 {[%emt 0:00:00]} Nc6 {[%emt 0:00:02]} 3. Bb5 {[%emt 0:00:00]} g6 {[%emt 0:00:17]} 4. Bxc6 {[%emt 0:01:18]} dxc6 {[%emt 0:00:59]} 5. O-O {[%emt 0:00:57]} Bg7 {[%emt 0:01:57]} 6. d3 {[%emt 0:00:08]} Bg4 {[%emt 0:09:13]} 7. Nbd2 {[%emt 0:00:51]} Qe7 {[%emt 0:03:52]} 8. Nc4 {[%emt 0:05:54]} Bxf3 {[%emt 0:02:14]} 9. Qxf3 {[%emt 0:00:19]} Nf6 {[%emt 0:00:30]} 10. b3 {[%emt 0:01:32]} Nd7 {[%emt 0:02:25]} 11. a4 {[%emt 0:02:09]} a5 {[%emt 0:04:48]} 12. Ba3 {[%emt 0:05:44]} c5 {[%emt 0:01:33]} 13. Rfe1 {[%emt 0:02:57]} O-O {[%emt 0:02:11]} 14. Rad1 {[%emt 0:00:29]} Rfd8 {[%emt 0:01:46]} 15. Bb2 {[%emt 0:04:03]} c6 {[%emt 0:12:17]} 16. Ne3 {[%emt 0:04:26]} Nf8 {[%emt 0:03:36]} 17. Qg3 {[%emt 0:02:42]} h5 {[%emt 0:05:59]} 18. Nc4 {[%emt 0:10:05]} Nd7 {[%emt 0:01:22]} 19. Bc1 {[%emt 0:01:21]} Qe6 {[%emt 0:07:56]} 20. Bd2 {[%emt 0:08:46]} b6 {[%emt 0:00:25]} 21. Rf1 {[%emt 0:07:48]} Kh7 {[%emt 0:11:11]} 22. f4 {[%emt 0:02:19]} exf4 {[%emt 0:00:34]} 23. Qxf4 {[%emt 0:01:33]} Rf8 {[%emt 0:01:27]} 24. Rde1 {[%emt 0:05:49]} f6 {[%emt 0:02:43]} 25. Qg3 {[%emt 0:09:33]} Rab8 {[%emt 0:02:28]} 26. Rf2 {[%emt 0:05:13]} Rf7 {[%emt 0:09:59]} 27. Rfe2 {[%emt 0:05:04]} Rg8 {[%emt 0:03:01]} 28. Qc7 {[%emt 0:06:04]} f5 {[%emt 0:01:22]} 29. Qd6 {[%emt 0:02:08]} Bd4+ {[%emt 0:01:24]} 30. Be3 {[%emt 0:02:36]} Bxe3+ {[%emt 0:02:01]} 31. Rxe3 {[%emt 0:00:01]} Qxd6 {[%emt 0:00:29]} 32. Nxd6 {[%emt 0:00:02]} Rf6 {[%emt 0:00:06]} 33. Nc4 {[%emt 0:00:35]} f4 {[%emt 0:00:44]} 34. R3e2 {[%emt 0:02:29]} g5 {[%emt 0:00:36]} 35. Rf1 {[%emt 0:00:45]} h4 {[%emt 0:02:08]} 36. Ref2 {[%emt 0:01:43]} Ra8 {[%emt 0:02:32]} 37. Ra1 {[%emt 0:00:26]} Kg6 {[%emt 0:00:56]} 38. h3 {[%emt 0:00:24]} Re6 {[%emt 0:00:41]} 39. Rff1 {[%emt 0:00:27]} Rf8 {[%emt 0:00:54]} 40. Kf2 {[%emt 0:00:00]} Kf6 {[%emt 0:00:00]} 41. Kf3 {[%emt 0:01:32]} Ne5+ {[%emt 0:05:03]} 42. Ke2 {[%emt 0:08:56]} Rb8 {[%emt 0:01:40]} 43. Nxe5 {[%emt 0:01:40]} Kxe5 {[%emt 0:00:40]} 44. Kd2 {[%emt 0:02:59]} Rg6 {[%emt 0:02:52]} 45. Rf2 {[%emt 0:00:48]} g4 {[%emt 0:01:25]} 46. hxg4 {[%emt 0:00:33]} Rxg4 {[%emt 0:00:03]} 47. Kc3 {[%emt 0:01:24]} Rg3 {[%emt 0:01:50]} 48. Raf1 {[%emt 0:01:07]} Rf8 {[%emt 0:02:25]} 49. Kc4 {[%emt 0:03:40]} Rf7 {[%emt 0:03:09]} 50. Kc3 {[%emt 0:05:58]} Rg4 {[%emt 0:03:01]} 51. Rh1 {[%emt 0:00:51]} Rfg7 {[%emt 0:00:29]} 52. Rhf1 {[%emt 0:00:09]} b5 {[%emt 0:00:51]} 53. axb5 {[%emt 0:03:17]} cxb5 {[%emt 0:01:28]} 54. Kb2 {[%emt 0:00:12]} b4 {[%emt 0:03:13]} 55. Rf3 {[%emt 0:00:49]} Rf7 {[%emt 0:00:42]} 56. R3f2 {[%emt 0:00:36]} Rg3 {[%emt 0:01:18]} 57. Rh1 {[%emt 0:00:25]} f3 {[%emt 0:02:15]} 58. gxf3 {[%emt 0:04:25]} h3 {[%emt 0:00:13]} 59. Rhf1 {[%emt 0:00:22]} Kf4 {[%emt 0:00:44]} 60. Re1 {[%emt 0:00:58]} Rg2 {[%emt 0:01:32]} 61. Rff1 {[%emt 0:00:25]} Re7 {[%emt 0:00:50]} 62. Kc1 {[%emt 0:00:16]} h2 {[%emt 0:00:59]} 63. Kd1 {[%emt 0:00:39]} Reg7 {[%emt 0:01:08]} 64. Rh1 {[%emt 0:00:42]} R7g5 {[%emt 0:00:59]} 65. Ref1 {[%emt 0:00:31]} Rg1 {[%emt 0:00:31]} 66. Ke1 {[%emt 0:00:20]} Rxh1 {[%emt 0:00:19]} 0-1

[Event "AZE-ch Women 2020"]
[Site "Baku"]
[Date "2020.03.10"]
[Round "6.3"]
[White "Abdulla, Khayala"]
[Black "Ismayil, Malak"]
[Result "1/2-1/2"]
[WhiteElo "2276"]
[BlackElo "1974"]
[Annotator "ChessBase"]
[PlyCount "99"]
[EventDate "2020.03.04"]
[EventType "swiss"]
[EventCountry "AZE"]
[SourceTitle "playchess.com"]
[Source "ChessBase"]
[SourceQuality "1"]
[TimeControl "40/5400+30:1800+30"]

1. e4 {[%emt 0:04:07]} c5 {[%emt 0:02:14]} 2. c3 {[%emt 0:00:26]} d6 {[%emt 0:00:13]} 3. d4 {[%emt 0:00:35]} Nd7 {[%emt 0:09:41]} 4. Nf3 {[%emt 0:00:41]} g6 {[%emt 0:01:51]} 5. Bc4 {[%emt 0:04:17]} Nb6 {[%emt 0:03:25]} 6. Bxf7+ {[%emt 0:07:56]} Kxf7 {[%emt 0:01:18]} 7. dxc5 {[%emt 0:00:05]} h6 {[%emt 0:07:59]} 8. cxb6 {[%emt 0:02:13]} Qxb6 {[%emt 0:02:09]} 9. O-O {[%emt 0:00:37]} e5 {[%emt 0:00:53]} 10. Na3 {[%emt 0:02:11]} Be6 {[%emt 0:00:19]} 11. Be3 {[%emt 0:10:17]} Qc6 {[%emt 0:06:57]} 12. Nd2 {[%emt 0:01:08]} g5 {[%emt 0:00:46]} 13. Nc2 {[%emt 0:06:21]} a5 {[%emt 0:04:27]} 14. f3 {[%emt 0:03:12]} Nf6 {[%emt 0:03:57]} 15. Rf2 {[%emt 0:04:01]} Be7 {[%emt 0:05:07]} 16. Nf1 {[%emt 0:02:33]} Bd8 {[%emt 0:02:04]} 17. Rd2 {[%emt 0:01:48]} Bc7 {[%emt 0:00:10]} 18. Ng3 {[%emt 0:01:43]} Rad8 {[%emt 0:08:48]} 19. Bf2 {[%emt 0:03:08]} d5 {[%emt 0:02:47]} 20. exd5 {[%emt 0:01:51]} Nxd5 {[%emt 0:00:26]} 21. Qe1 {[%emt 0:03:11]} Nf4 {[%emt 0:02:03]} 22. Rxd8 {[%emt 0:12:50]} Rxd8 {[%emt 0:00:13]} 23. Qe4 {[%emt 0:00:26]} Qxe4 {[%emt 0:02:14]} 24. Nxe4 {[%emt 0:00:07]} Bf5 {[%emt 0:02:31]} 25. Ne3 {[%emt 0:04:39]} Bxe4 {[%emt 0:00:36]} 26. fxe4 {[%emt 0:00:02]} Rd2 {[%emt 0:00:44]} 27. Nc4 {[%emt 0:04:50]} Re2 {[%emt 0:06:00]} 28. Kf1 {[%emt 0:10:44]} Rxe4 {[%emt 0:14:20]} 29. Nd2 {[%emt 0:00:14]} Re2 {[%emt 0:01:03]} 30. Rd1 {[%emt 0:00:03]} e4 {[%emt 0:00:55]} 31. Nc4 {[%emt 0:01:06]} Ke6 {[%emt 0:04:51]} 32. g3 {[%emt 0:01:29]} Rc2 {[%emt 0:01:20]} 33. gxf4 {[%emt 0:02:10]} gxf4 {[%emt 0:00:05]} 34. Re1 {[%emt 0:00:34]} Kd5 {[%emt 0:02:15]} 35. b3 {[%emt 0:02:54]} Rxa2 {[%emt 0:00:59]} 36. Bb6 {[%emt 0:00:46]} Bxb6 {[%emt 0:01:39]} 37. Nxb6+ {[%emt 0:00:01]} Kc6 {[%emt 0:00:12]} 38. Nc4 {[%emt 0:00:18]} e3 {[%emt 0:00:44]} 39. Re2 {[%emt 0:01:13]} Ra1+ {[%emt 0:00:05]} 40. Kg2 {[%emt 0:00:00]} b5 {[%emt 0:00:00]} 41. Ne5+ {[%emt 0:08:41]} Kd5 {[%emt 0:02:03]} 42. Nd3 {[%emt 0:00:29]} Ke4 {[%emt 0:01:10]} 43. Nc5+ {[%emt 0:00:16]} Kf5 {[%emt 0:01:41]} 44. Rc2 {[%emt 0:09:17]} Rd1 {[%emt 0:02:40]} 45. Kf3 {[%emt 0:01:12]} Rf1+ {[%emt 0:00:39]} 46. Ke2 {[%emt 0:03:44]} Rh1 {[%emt 0:00:10]} 47. Kf3 {[%emt 0:03:22]} Rf1+ {[%emt 0:00:13]} 48. Kg2 {[%emt 0:00:09]} Rd1 {[%emt 0:00:08]} 49. Kf3 {[%emt 0:02:52]} Rf1+ {[%emt 0:00:28]} 50. Kg2 {[%emt 0:00:39]} 1/2-1/2

[Event "AZE-ch Women 2020"]
[Site "Baku"]
[Date "2020.03.10"]
[Round "6.4"]
[White "Allahverdiyeva, Ayan"]
[Black "Beydullayeva, Govhar"]
[Result "1-0"]
[WhiteElo "2053"]
[BlackElo "2237"]
[Annotator "ChessBase"]
[PlyCount "117"]
[EventDate "2020.03.04"]
[EventType "swiss"]
[EventCountry "AZE"]
[SourceTitle "playchess.com"]
[Source "ChessBase"]
[SourceQuality "1"]
[TimeControl "40/5400+30:1800+30"]

1. e4 {[%emt 0:00:47]} e5 {[%emt 0:00:07]} 2. Nf3 {[%emt 0:01:16]} Nc6 {[%emt 0:00:04]} 3. Bb5 {[%emt 0:00:23]} a6 {[%emt 0:00:09]} 4. Ba4 {[%emt 0:00:05]} Nf6 {[%emt 0:00:00]} 5. Nc3 {[%emt 0:00:34]} b5 {[%emt 0:04:15]} 6. Bb3 {[%emt 0:00:06]} Be7 {[%emt 0:00:36]} 7. a3 {[%emt 0:00:34]} d6 {[%emt 0:00:35]} 8. d3 {[%emt 0:00:40]} h6 {[%emt 0:08:19]} 9. Nd5 {[%emt 0:08:21]} Be6 {[%emt 0:04:46]} 10. O-O {[%emt 0:17:48]} O-O {[%emt 0:09:08]} 11. Re1 {[%emt 0:09:11]} Na5 {[%emt 0:09:40]} 12. Ba2 {[%emt 0:05:59]} Nxd5 {[%emt 0:01:56]} 13. exd5 {[%emt 0:01:43]} Bg4 {[%emt 0:00:44]} 14. b4 {[%emt 0:04:07]} Nb7 {[%emt 0:00:06]} 15. Bb2 {[%emt 0:07:27]} Bf6 {[%emt 0:18:18]} 16. Qe2 {[%emt 0:17:35]} Qc8 {[%emt 0:06:08]} 17. c4 {[%emt 0:04:20]} Bxf3 {[%emt 0:11:14]} 18. gxf3 {[%emt 0:04:15]} Qh3 {[%emt 0:02:16]} 19. Kh1 {[%emt 0:00:04]} Bg5 {[%emt 0:02:15]} 20. Rg1 {[%emt 0:00:04]} Bf4 {[%emt 0:02:10]} 21. Rg2 {[%emt 0:00:05]} f5 {[%emt 0:03:34]} 22. Rag1 {[%emt 0:00:59]} g5 {[%emt 0:04:06]} 23. cxb5 {[%emt 0:03:38]} axb5 {[%emt 0:00:12]} 24. d4 {[%emt 0:00:32]} Rae8 {[%emt 0:04:09]} 25. dxe5 {[%emt 0:01:14]} Bxe5 {[%emt 0:00:08]} 26. Bxe5 {[%emt 0:00:10]} Rxe5 {[%emt 0:00:03]} 27. Qxb5 {[%emt 0:00:07]} Qxf3 {[%emt 0:02:05]} 28. Qxb7 {[%emt 0:01:30]} Re2 {[%emt 0:04:14]} 29. Bc4 {[%emt 0:02:32]} Rxf2 {[%emt 0:01:13]} 30. Qb5 {[%emt 0:05:42]} Rxg2 {[%emt 0:00:30]} 31. Rxg2 {[%emt 0:00:03]} Qxa3 {[%emt 0:00:05]} 32. Bd3 {[%emt 0:00:52]} Qc1+ {[%emt 0:00:45]} 33. Rg1 {[%emt 0:01:19]} Qe3 {[%emt 0:01:28]} 34. Rf1 {[%emt 0:00:03]} Qe5 {[%emt 0:00:57]} 35. Qc4 {[%emt 0:02:41]} Rf7 {[%emt 0:00:16]} 36. b5 {[%emt 0:00:39]} Kg7 {[%emt 0:00:23]} 37. Qa2 {[%emt 0:00:13]} Qe3 {[%emt 0:00:37]} 38. Qc2 {[%emt 0:00:51]} f4 {[%emt 0:00:51]} 39. Bg6 {[%emt 0:00:00]} Rf8 {[%emt 0:00:00]} 40. Bh5 {[%emt 0:00:00]} Qe5 {[%emt 0:00:00]} 41. Qg6+ {[%emt 0:10:18]} Kh8 {[%emt 0:15:13]} 42. Qxh6+ {[%emt 0:00:25]} Kg8 {[%emt 0:00:03]} 43. Qe6+ {[%emt 0:04:04]} Kg7 {[%emt 0:00:02]} 44. Rc1 {[%emt 0:14:42]} Qxe6 45. dxe6 {[%emt 0:01:54]} Kf6 {[%emt 0:02:52]} 46. Rxc7 {[%emt 0:01:32]} Kxe6 {[%emt 0:00:22]} 47. Bg4+ {[%emt 0:00:28]} Ke5 {[%emt 0:03:32]} 48. b6 {[%emt 0:00:35]} f3 {[%emt 0:00:17]} 49. Kg1 {[%emt 0:00:25]} Rf4 {[%emt 0:04:39]} 50. Bd7 {[%emt 0:00:30]} Rb4 {[%emt 0:02:36]} 51. b7 {[%emt 0:00:03]} g4 {[%emt 0:01:41]} 52. Bc6 {[%emt 0:01:22]} Rb1+ {[%emt 0:02:57]} 53. Kf2 {[%emt 0:00:08]} Rb2+ {[%emt 0:00:08]} 54. Kg3 {[%emt 0:00:31]} Rg2+ {[%emt 0:02:09]} 55. Kh4 {[%emt 0:00:14]} Rxh2+ {[%emt 0:00:01]} 56. Kxg4 {[%emt 0:00:55]} f2 {[%emt 0:00:56]} 57. b8=Q {[%emt 0:01:23]} f1=Q {[%emt 0:00:18]} 58. Re7+ {[%emt 0:00:04]} Kd4 {[%emt 0:00:38]} 59. Qb4+ {[%emt 0:00:05] Ke5} 1-0

[Event "AZE-ch Women 2020"]
[Site "Baku"]
[Date "2020.03.10"]
[Round "6.5"]
[White "Fataliyeva, Ulviyya"]
[Black "Mammadova, Gulnar"]
[Result "0-1"]
[WhiteElo "2377"]
[BlackElo "2386"]
[Annotator "TA"]
[PlyCount "80"]
[EventDate "2020.03.04"]
[EventType "swiss"]
[EventCountry "AZE"]
[SourceTitle "playchess.com"]
[Source "ChessBase"]
[SourceQuality "1"]

{[%evp 9,80,-12,-5,-27,-14,-34,-28,-33,-28,-45,-33,-43,-44,-42,-16,-80,-81,-89,-91,-95,-82,-110,-116,-134,-108,-133,-125,-121,-114,-129,-122,-124,-142,-141,-133,-136,-137,-168,-132,-201,-179,-154,-196,-152,-18,-21,0,-129,-129,-110,-174,-613,-608,-688,-714,-679,-635,-677,-669,-1219,-1339,-1603,-1600,-1470,-1391,-1637,-1548,-2790,-2337,-29988,-29989,-29990,-29987]} 1. Nf3 d5 2. g3 c5 3. Bg2 Nc6 4. O-O e5 5. d3 Bd6 6. Nbd2 {A08: King's Indian Attack.} Nge7 7. e4 d4 8. Nc4 {Black has an edge.} Bc7 9. a4 O-O 10. Nh4 Be6 11. b3 a6 {[#]} 12. h3 $146 (12. f4 $11) ({Predecessor:} 12. f4 exf4 13. gxf4 f5 14. Qe2 Qd7 15. Nf3 fxe4 16. dxe4 Bxf4 17. Bxf4 Rxf4 18. Nb6 {0-1 (28) Walter,M (1915)-Koch,E (2043) Bayern 2006}) 12... Qd7 13. Kh2 b5 14. Nd2 Rab8 15. Ndf3 f6 16. Ng1 g5 17. Nf5 Nxf5 18. exf5 Bxf5 19. axb5 axb5 20. Nf3 Bg6 21. Re1 Bd6 22. Nd2 f5 23. Bd5+ Kh8 24. Bxc6 (24. Kg1 $17) 24... Qxc6 $19 25. Nf3 f4 {Hoping for ...fxg3+.} 26. g4 e4 (26... Rbe8 $1 $17 {aiming for ...e4.} 27. Nxg5 Ra8 28. Rxa8 Rxa8) 27. dxe4 $11 Rbe8 ({Don't play} 27... Bxe4 $6 {[#]} 28. Nxd4 $1 {[%mdl 512]} Qd5 29. Nf5 $1 $16 {[%mdl 512]}) 28. e5 {[#]} (28. b4 $11) 28... Bxc2 $1 $17 {[%mdl 576] Deflection} 29. Qxc2 Qxf3 30. Bb2 $2 (30. Ra7 Re7 31. exd6 Rxa7 32. Bb2) 30... Re6 $19 {( -> ...Rh6!)} 31. Qe2 Qxe2 32. Rxe2 f3 33. Ree1 Rxe5 34. Rxe5 Bxe5+ {[%mdl 4096] Endgame KRB-KRB} 35. Kg1 c4 36. Re1 Bf6 37. bxc4 bxc4 38. Ba3 Ra8 39. Bc5 d3 40. Rd1 Ra1 {Accuracy: White = 46%, Black = 84%.} 0-1

[Event "AZE-ch Women 2020"]
[Site "Baku"]
[Date "2020.03.11"]
[Round "7.1"]
[White "Mammadova, Gulnar"]
[Black "Balajayeva, Khanim"]
[Result "1/2-1/2"]
[WhiteElo "2386"]
[BlackElo "2358"]
[Annotator "TA"]
[PlyCount "44"]
[EventDate "2020.03.04"]
[EventType "tourn"]
[EventCountry "AZE"]
[SourceTitle "playchess.com"]
[Source "ChessBase"]
[SourceQuality "1"]

{[%evp 14,44,0,-8,0,10,0,0,0,-10,0,0,11,11,43,41,43,34,83,83,95,104,89,38,102,50,105,0,94,0,106,0,103]} 1. Nf3 Nf6 2. g3 b6 3. Bg2 Bb7 4. O-O e6 5. b3 Be7 6. Bb2 O-O 7. d3 d5 {7...d5 is better than 7...c5.} 8. Nbd2 a5 {A05: Réti Opening: 1 Nf3 Nf6.} 9. a4 Nbd7 10. Re1 Bb4 11. c3 Be7 12. Qc2 {[#]} c6 $146 ({Predecessor:} 12... e5 13. e4 dxe4 14. dxe4 Bc5 15. h3 Nh5 16. Nf1 Qe7 17. Kh2 Nhf6 18. Nh4 g6 {0-1 (57) Burkov,G (2188)-Gudkov,G Petrozavodsk 2009}) 13. e4 Nc5 14. e5 Nfd7 15. h4 b5 16. d4 $36 {[%mdl 2048] White is on the roll.} Na6 17. axb5 cxb5 18. Qd3 (18. Ng5 $16 {[%csl Gg5][%cal Rc2h7]} g6 19. Nh3) 18... Qb6 (18... Bc6 $14) 19. Bf1 ({Better is} 19. Ng5 $16 {[%csl Gg5][%cal Rd3h7]} g6 20. Qe3) 19... Bc6 ({Black should play} 19... Nc7 $14) 20. Bg2 Bb7 21. Bf1 Bc6 22. Bg2 Bb7 {Accuracy: White = 86%, Black = 69%.} 1/2-1/2